01298nam a2200217Ia 4500008004100000020001500041041001200056082001600068100001800084245005800102260003700160300000800197650001800205942000700223999001500230952016000245952017200405952017100577952016000748952017200908221030s9999 xx 000 0 und d a8177000322 aEnglish a105.23bChh aT. N. Chhabra 0aPrinciples & Practice of Managementcby T. N. Chhabra bDhanpat Rai PubaNew Delhic2002 a880 aBE Management cBK c1960d1960 pBE 5366g130.00l0o105.23 Chhr2024-06-13 00:00:00w2022-10-30yBK003Print4070aMIETLIBbMIETLIBcBL-First, FL-1, CUP-69, SH-2, R-2d2002-06-0710HBE pBE 5367g130.00l0o105.23 Chhr2024-06-13 00:00:00w2022-10-30yBK003Print4070aMIETLIBbMIETLIBcBL-Academic Block- A, FL-1, CUP-69, SH-2, R-2d2002-06-0710HBE pBE 5369g130.00l0o105.23 Chhr2024-06-13 00:00:00w2022-10-30yBK003Print4070aMIETLIBbMIETLIBcBL-Academic Block C, FL-2, CUP-69, SH-3, R-3d2002-06-0710HBE pBE 5370g130.00l0o105.23 Chhr2024-06-13 00:00:00w2022-10-30yBK003Print4070aMIETLIBbMIETLIBcBL-First, FL-1, CUP-69, SH-2, R-2d2005-10-2710HBE pBE 5368g130.00l0o105.23 Char2024-06-13 00:00:00w2022-10-30yBK003Print4070aMIETLIBbMIETLIBcBL-Academic Block- A, FL-1, CUP-69, SH-2, R-2d2002-06-0710HBE